Most Common US Last Names - Sudden Death - Statistics

General Stats
  • This quiz has been taken 214 times
  • The average score is 7 of 25
Answers on the Grid
Answers color-coded by a green-red scale on the quiz's grid according to % correct below.
Smith
Green
Johnson
Adams
Hernandez
Thomas
Cruz
Lopez
McDonald
Thompson
Jones
Jenkins
Holmes
Garcia
Wilson
Gray
Ruiz
Anderson
Nelson
Patel
Williams
Brown
White
Foster
Rodriguez
Fletcher
Brewer
Gonzales
Miller
Morrison
Martin
Jackson
Moore
Campbell
Taylor
Davis
Potter
Martinez
Lane
Lee
Perez
Harris
 
Answer Stats
Answer % Correct
Smith
98%
Johnson
54%
Williams
38%
Jones
36%
Jackson
33%
Brown
29%
Wilson
29%
Lopez
28%
Hernandez
26%
Miller
26%
Davis
24%
Garcia
24%
Taylor
23%
Rodriguez
22%
Thomas
22%
Anderson
21%
Martinez
21%
Thompson
21%
Harris
19%
Perez
18%
Gonzales
16%
Martin
16%
Moore
15%
White
15%
Lee
14%
No matching quizzes found
Score Distribution
Percent of People with Each Score
Percentile by Number Answered
Your Score History
You have not taken this quiz